000 01134nam a22003257a 4500
003 CHAP
005 20220329134222.0
008 971013s1951 r 00010 d
010 _a17148
011 _a18120
035 _a22204
040 _cCHAP
090 _aTesis
100 0 0 _aJiménez Jiménez, Eleazar.
_961551
245 _aexperimentación de insecticidas para el control de la "Mosca prieta" Aleurocanthus woglumi Ashby. en el Estado de Morelos
260 _aChapingo, Méx., :
_bEl autor,
_c1951
300 _a68 h.
_b: ilus
502 _aTesis (Ing. Agr. Esp. en Parasitología Agrícola) -- ENA. Departamento de Parasitología Agrícola
590 _aALEPH
_b10
_c20130110
_lUCH01
_h1240
590 _aBATCH-UPD
_b10
_c20130110
_lUCH01
_h1630
590 _aBATCH-UPD
_b10
_c20130410
_lUCH01
_h1023
590 _aBATCH-UPD
_b10
_c20130914
_lUCH01
_h0012
590 _aCONVERSION
_b10
_c20130109
_lUCH01
_h1311
650 1 4 _aAleurocanthus woglumi.
_93802
650 1 4 _aInsecticidas.
_958855
901 _aBK
942 _cFOLL
949 _bBC
_cTES
_d-51990
_eTS1
_i22204
_si
949 _bBC
_cTES
_d-51991
_eTS2
_fc.2
_i22204
_si
999 _c17148
_d17148